| 000 | 00484nam a22001817a 4500 | ||
|---|---|---|---|
| 003 | OSt | ||
| 005 | 20160620104717.0 | ||
| 008 | 160620b xxu||||| |||| 00| 0 eng d | ||
| 040 | _cDLC | ||
| 050 |
_aLB 2157 _b.A3Q5 2000 |
||
| 100 |
_aQuist, Dawn _940678 |
||
| 245 |
_aPrimary Teaching Methods _cDawn Quist |
||
| 260 |
_aMalaysia _bMacMillan Education _cc2000 |
||
| 300 | _a145p; | ||
| 650 |
_aElementary school teaching _zAfrica _940679 |
||
| 651 |
_aAfrica _924250 |
||
| 942 |
_2lcc _cBK |
||
| 999 |
_c62642 _d62616 |
||